00629cam a2200217ua 45000010005000000080039000050200015000440400009000590410008000680820011000761000028000872450054001152500009001692600030001783000009002086530044002176530021002619420007002829990015002899520107003047913141230n ii |||gr||||Z||||||hin a8186135170 cMAIN ahin a891.43 aPandey, R. K.,eAuthor.1 aKriti aur karm ke sandarbhcBy Ratan Kumar Pandey a1st. aBaranasi:bSanjay,c1994. a83p. aEast Indo-European & Celtic literatures aHindi literature cBK c7033d7033 00104070aMAINbMAINcGENd2020-09-19l0o891.43 | PANp6921r2020-09-19 00:00:00t1w2020-09-19yBK